000 00800nam a2200229 4500
003 OSt
005 20260530115317.0
008 260507b1970 mx a|||| |||| 00| 0 spa d
040 _aICI
_bspa
_cICI
_erda
041 _aspa
050 4 _aTA419
_bE245 1970
100 1 _aEchenique-Manrique, Ramón,
_eautor
_933761
245 1 0 _aDescripción, caracteristicas y usos de 25 maderas tropicales mexicanas /
_cRamón Echenique-Manrique
264 1 _aMéxico :
_bCámara Nacional de la Industria de la Construcción,
_c1970
300 _a237 páginas :
_bilustraciones
336 _2rdacontent
_atexto
337 _2rdamedia
_asin medio
338 _2rdacarrier
_avolumen
650 4 _aMaderas para construcción
_zMéxico
_933762
650 4 _aMaderas
_xClasificación
_zMéxico
_933763
942 _2lcc
_n1
_cBK
999 _c13608
_d13608